书目信息 |
| 题名: |
救世
|
|
| 作者: | 刘勋 著 | |
| 分册: | ||
| 出版信息: | 北京 中华书局 2021 |
|
| 页数: | 388页 | |
| 开本: | 21cm | |
| 丛书名: | ||
| 单 册: | ||
| 中图分类: | K225.07 | |
| 科图分类: | ||
| 主题词: | 中国历史--zhong guo li shi--研究--春秋时代 | |
| 电子资源: | ||
| ISBN: | 978-7-101-13915-0 | |
| 000 | 00737nam0 2200241 450 | |
| 001 | 2131038174 | |
| 005 | 20211029202829.0 | |
| 010 | @a978-7-101-13915-0@dCNY48.00 | |
| 100 | @a20210604d2021 em y0chiy50 ea | |
| 101 | 0 | @achi |
| 102 | @aCN@b110000 | |
| 105 | @ay z 000yy | |
| 106 | @ar | |
| 200 | 1 | @a救世@Ajiu shi@e子产的为政之道@f刘勋著 |
| 210 | @a北京@c中华书局@d2021 | |
| 215 | @a388页@d21cm | |
| 330 | @a本书的研究和出版得到复旦大学政治学、上海市高峰学科二期建设项目经费资助 | |
| 517 | 1 | @a子产的为政之道@Azi chan de wei zheng zhi dao |
| 606 | 0 | @a中国历史@Azhong guo li shi@x研究@z春秋时代 |
| 690 | @aK225.07@v5 | |
| 701 | 0 | @a刘勋@Aliu xun@4著 |
| 801 | 0 | @aCN@b百万庄@c20211029 |
| 905 | @b1312883-86@dK225.07@e97@f4 | |
| 救世:子产的为政之道/刘勋著.-北京:中华书局,2021 |
| 388页;21cm |
| ISBN 978-7-101-13915-0:CNY48.00 |
| 本书的研究和出版得到复旦大学政治学、上海市高峰学科二期建设项目经费资助 |
| ● |
| 相关链接 |
|
|
|
|
正题名:救世
索取号:K225.07/97
 
预约/预借
| 序号 | 登录号 | 条形码 | 馆藏地/架位号 | 状态 | 备注 |
| 1 | 1312883 | 213128836 | 第二样本阅览室/ [索取号:K225.07/97] | 在馆 | |
| 2 | 1312884 | 213128845 | 第二借阅区/ [索取号:K225.07/97] | 在馆 | |
| 3 | 1312885 | 213128854 | 第二借阅区/ [索取号:K225.07/97] | 在馆 | |
| 4 | 1312886 | 213128863 | 第二借阅区/ [索取号:K225.07/97] | 在馆 |